| 000 -CABECERA |
| Longitud fija campo de control |
00740nam a2200205 a 4500 |
| 001 - NÚMERO DE CONTROL |
| Número de control |
5762 |
| 003 - IDENTIFICADOR DEL NÚMERO DE CONTROL |
| Identificador del número de control |
CDMR |
| 005 - FECHA Y HORA DE LA ÚLTIMA TRANSACCIÓN |
| Fecha y hora de la última transacción |
20131213174201.0 |
| 008 - CÓDIGOS DE INFORMACIÓN DE LONGITUD FIJA |
| Códigos de información de longitud fija |
130130s ||||||||||||||||||||||||||||d |
| 040 ## - FUENTE DE LA CATALOGACIÓN |
| Centro catalogador de origen |
CDMR |
| Lengua de catalogación |
cat |
| Centro transcriptor |
CDMR |
| 245 #0 - MENCIÓN DE TÍTULO |
| Título |
L'organizzazione del giornalismo in Italia |
| Resto del título |
: Milano, maggio 1929 |
| Mención de responsabilidad, etc. |
a cura del Sindicato Nazionale dei Giornalisti Italiani |
| 246 ## - VARIANTES DE TÍTULO |
| Título propio / Título en breve |
La organización del periodismo en Italia |
| Resto de título |
: Milán, mayo de 1929 |
| 260 ## - PUBLICACIÓN, DISTRIBUCIÓN, ETC. (PIE DE IMPRENTA) |
| Nombre del editor, distribuidor, etc. |
Padiglione Italiano della Stampa |
| Lugar de publicación, distribución, etc. |
Barcelona |
| Fecha de publicación, distribución, etc. |
1929 |
| 300 ## - DESCRIPCIÓN FÍSICA |
| Extensión |
190 p. |
| 500 ## - NOTA GENERAL |
| Nota general |
Exemplar dedicat |
| 650 04 - PUNTO DE ACCESO ADICIONAL DE MATERIA - TÉRMINO DE MATERIA |
| 9 (RLIN) |
4108 |
| Término de materia o nombre geográfico como elemento inicial |
Periodisme |
| Subdivisión geográfica |
Itàlia |
| 650 04 - PUNTO DE ACCESO ADICIONAL DE MATERIA - TÉRMINO DE MATERIA |
| 9 (RLIN) |
216 |
| Término de materia o nombre geográfico como elemento inicial |
Associacions de professionals i tècnics |
| 710 04 - PUNTO DE ACCESO ADICIONAL - NOMBRE DE ENTIDAD |
| 9 (RLIN) |
4318 |
| Nombre de entidad o nombre de jurisdicción como elemento inicial |
Sindicato Nazionale dei Giornalisti Italiani |
| 942 ## - ENTRADA DE ELEMENTOS AGREGADOS (KOHA) |
| Koha [por defecto] tipo de item |
Monografies |
| Fuente de clasificaión o esquema |
|